000
00292 a2200121 4500
000
nam a22 7a 4500
005
20260429120054.0
020
_a
9780262049405
100
_a
Markus Meister
_9
1235973
245
_a
Mathematics in Biology
260
_b
The MIT Press
_c
2025
942
_c
TEXL
999
_c
1848633
_d
1848633